| 000 | 00406nam a2200145Ia 4500 | ||
|---|---|---|---|
| 008 | 211109s9999||||xx |||||||||||||| ||und|| | ||
| 082 |
_a894.8123 _bSAN-R |
||
| 100 | _aSankrakurup, G | ||
| 245 | 0 | _aRakuyilukal | |
| 260 |
_bNATIONAL BOOKSTALL _aKottayam _c1927 |
||
| 300 | _a112p. | ||
| 630 | _xGeneral Stack | ||
| 650 |
_aMalayalam Novel _vMalayalam FictionMalayalam short story _xGeneralia |
||
| 942 | _cBOOK | ||
| 999 |
_c12346 _d12346 |
||